000 01330nam a2200337Ia 4500
001 ebr10659128
003 CaPaEBR
006 m u
007 cr cn|||||||||
008 101008s2011 nyua sb 001 0 eng d
010 _z 2010041372
020 _z1611227348 (hardcover)
020 _z9781611227345 (hardcover)
020 _z9781612094786
040 _aCaPaEBR
_cCaPaEBR
035 _a(OCoLC)758384883
050 1 4 _aQP517.M67
_bM645 2011eb
082 0 4 _a572/.33
_222
245 0 0 _aMolecular recognition
_h[electronic resource] :
_bbiotechnology, chemical engineering and materials applications /
_cJason A. McEvoy, editor.
260 _aNew York :
_bNova Science Publishers,
_cc2011.
300 _axi, 310 p. :
_bill.
490 0 _aChemical engineering methods and technology
504 _aIncludes bibliographical references and index.
533 _aElectronic reproduction.
_bPalo Alto, Calif. :
_cebrary,
_d2013.
_nAvailable via World Wide Web.
_nAccess may be limited to ebrary affiliated libraries.
650 0 _aMolecular recognition.
650 0 _aChemistry.
655 7 _aElectronic books.
_2local
700 1 _aMcEvoy, Jason A.
710 2 _aebrary, Inc.
856 4 0 _uhttp://site.ebrary.com/lib/rucke/Doc?id=10659128
_zAn electronic book accessible through the World Wide Web; click to view
999 _c166288
_d166288